[Event "English Schools Championship Final 2024"]
[Site "Nottingham University Kings Meadow Campus, United Kingdom"]
[Date "2024.06.27"]
[Round "3.25"]
[White "Laver, Will"]
[Black "Usharovsky, Ron"]
[Result "0-1"]
[TimeControl "G50' + 10\" per move."]
[BlackFideId "64300773"]
[WhiteElo "1714"]
[BlackElo "1958"]

1. d4 {[%clk 00:50:19]} d5 {[%clk 00:50:14]} {[%emt 00:00:07]} 2. c4 {[%clk
00:50:25]} {[%emt 00:00:03]} c6 {[%clk 00:50:21]} {[%emt 00:00:03]} 3. Nc3
{[%clk 00:50:28]} {[%emt 00:00:07]} Nf6 {[%clk 00:50:26]} {[%emt 00:00:04]} 4.
e3 {[%clk 00:50:33]} {[%emt 00:00:06]} Bg4 {[%clk 00:50:14]} {[%emt 00:00:23]}
5. Be2 {[%clk 00:50:09]} {[%emt 00:00:33]} Bxe2 {[%clk 00:50:10]} {[%emt
00:00:15]} 6. Qxe2 {[%clk 00:50:12]} {[%emt 00:00:07]} e6 {[%clk 00:50:12]}
{[%emt 00:00:09]} 7. Nf3 {[%clk 00:50:05]} {[%emt 00:00:16]} Be7 {[%clk
00:49:34]} {[%emt 00:00:48]} 8. cxd5 {[%clk 00:49:29]} {[%emt 00:00:46]} cxd5
{[%clk 00:49:14]} {[%emt 00:00:30]} 9. Bd2 {[%clk 00:48:18]} {[%emt 00:01:21]}
a6 {[%clk 00:48:40]} {[%emt 00:00:45]} 10. O-O {[%clk 00:47:31]} {[%emt
00:00:57]} O-O {[%clk 00:48:37]} {[%emt 00:00:13]} 11. Rac1 {[%clk 00:47:22]}
{[%emt 00:00:19]} Nbd7 {[%clk 00:47:56]} {[%emt 00:00:52]} 12. a3 {[%clk
00:46:44]} {[%emt 00:00:48]} b5 {[%clk 00:47:42]} {[%emt 00:00:24]} 13. Na2
{[%clk 00:46:16]} {[%emt 00:00:38]} Qb6 {[%clk 00:38:15]} {[%emt 00:09:37]} 14.
Bb4 {[%clk 00:45:28]} {[%emt 00:00:58]} Bd6 {[%clk 00:36:45]} {[%emt 00:01:40]}
15. Rc2 {[%clk 00:44:23]} {[%emt 00:01:16]} Rfc8 {[%clk 00:32:09]} {[%emt
00:04:46]} 16. Rfc1 {[%clk 00:44:07]} {[%emt 00:00:25]} Rxc2 {[%clk 00:31:24]}
{[%emt 00:00:55]} 17. Qxc2 {[%clk 00:43:40]} {[%emt 00:00:37]} a5 {[%clk
00:27:50]} {[%emt 00:03:43]} 18. Bxd6 {[%clk 00:41:34]} {[%emt 00:02:15]} Qxd6
{[%clk 00:27:58]} {[%emt 00:00:03]} 19. Ne5 {[%clk 00:41:10]} {[%emt 00:00:34]}
Nb6 {[%clk 00:26:05]} {[%emt 00:02:04]} 20. h3 {[%clk 00:37:52]} {[%emt
00:03:28]} Nc4 {[%clk 00:23:47]} {[%emt 00:02:28]} 21. b3 {[%clk 00:37:46]}
{[%emt 00:00:17]} Nxa3 {[%clk 00:23:09]} {[%emt 00:00:48]} 22. Qc8+ {[%clk
00:36:16]} {[%emt 00:01:40]} Qf8 {[%clk 00:18:43]} {[%emt 00:04:35]} 23. Qxf8+
{[%clk 00:36:12]} {[%emt 00:00:12]} Kxf8 {[%clk 00:18:32]} {[%emt 00:00:22]} 24.
Nd3 {[%clk 00:34:50]} {[%emt 00:01:32]} a4 {[%clk 00:16:41]} {[%emt 00:02:02]}
25. bxa4 {[%clk 00:34:26]} {[%emt 00:00:34]} bxa4 {[%clk 00:14:53]} {[%emt
00:01:58]} 26. Nc5 {[%clk 00:34:14]} {[%emt 00:00:21]} Nc4 {[%clk 00:14:41]}
{[%emt 00:00:23]} 27. g4 {[%clk 00:30:14]} {[%emt 00:04:09]} a3 {[%clk
00:13:02]} {[%emt 00:01:50]} 28. e4 {[%clk 00:29:31]} {[%emt 00:00:53]} Rb8
{[%clk 00:09:00]} {[%emt 00:04:12]} 29. e5 {[%clk 00:27:45]} {[%emt 00:01:56]}
Rb2 {[%clk 00:09:00]} {[%emt 00:00:10]} 30. Nc3 {[%clk 00:25:55]} {[%emt
00:01:59]} Ne8 {[%clk 00:08:21]} {[%emt 00:00:50]} 31. N5a4 {[%clk 00:25:34]}
{[%emt 00:00:31]} Rd2 {[%clk 00:07:16]} {[%emt 00:01:15]} 32. Nb5 {[%clk
00:24:30]} {[%emt 00:01:15]} Rd3 {[%clk 00:07:08]} {[%emt 00:00:19]} 33. Kg2
{[%clk 00:23:01]} {[%emt 00:01:38]} Rb3 {[%clk 00:06:41]} {[%emt 00:00:36]} 34.
Nac3 {[%clk 00:22:26]} {[%emt 00:00:46]} Ke7 {[%clk 00:06:03]} {[%emt
00:00:49]} 35. Kf1 {[%clk 00:21:09]} {[%emt 00:01:26]} Kd7 {[%clk 00:05:36]}
{[%emt 00:00:38]} 36. Ra1 {[%clk 00:19:43]} {[%emt 00:01:37]} Nc7 {[%clk
00:05:10]} {[%emt 00:00:36]} 37. Nxa3 {[%clk 00:17:36]} {[%emt 00:02:16]} Rxc3
{[%clk 00:04:24]} {[%emt 00:00:56]} 38. Nxc4 {[%clk 00:17:24]} {[%emt
00:00:21]} Rxc4 {[%clk 00:04:24]} {[%emt 00:00:11]} 39. Ke2 {[%clk 00:16:54]}
{[%emt 00:00:40]} Rxd4 {[%clk 00:04:27]} {[%emt 00:00:08]} 40. Ke3 {[%clk
00:16:47]} {[%emt 00:00:16]} Re4+ {[%clk 00:04:24]} {[%emt 00:00:13]} 41. Kf3
{[%clk 00:16:42]} {[%emt 00:00:16]} Rxe5 {[%clk 00:04:28]} {[%emt 00:00:06]} 42.
Kg3 {[%clk 00:16:42]} {[%emt 00:00:09]} d4 {[%clk 00:04:31]} {[%emt 00:00:08]}
43. Rd1 {[%clk 00:16:44]} {[%emt 00:00:07]} Nb5 {[%clk 00:04:30]} {[%emt
00:00:12]} 44. f3 {[%clk 00:16:34]} {[%emt 00:00:19]} Re2 {[%clk 00:04:20]}
{[%emt 00:00:20]} 45. h4 {[%clk 00:16:37]} {[%emt 00:00:06]} e5 {[%clk
00:04:22]} {[%emt 00:00:09]} 46. g5 {[%clk 00:16:14]} {[%emt 00:00:33]} Ke6
{[%clk 00:04:20]} {[%emt 00:00:13]} 47. Kg4 {[%clk 00:16:10]} {[%emt 00:00:13]}
Kd5 {[%clk 00:03:53]} {[%emt 00:00:37]} 48. h5 {[%clk 00:16:07]} {[%emt
00:00:13]} Kc4 {[%clk 00:03:49]} {[%emt 00:00:14]} 49. Kf5 {[%clk 00:15:45]}
{[%emt 00:00:31]} Nd6+ {[%clk 00:03:57]} {[%emt 00:00:03]} 50. Kg4 {[%clk
00:15:32]} {[%emt 00:00:23]} d3 {[%clk 00:03:57]} {[%emt 00:00:11]} 51. f4
{[%clk 00:15:21]} {[%emt 00:00:21]} Re4 {[%clk 00:03:59]} {[%emt 00:00:08]} 52.
Kf3 {[%clk 00:15:09]} {[%emt 00:00:22]} Rxf4+ {[%clk 00:04:05]} {[%emt
00:00:04]} 53. Ke3 {[%clk 00:15:08]} {[%emt 00:00:11]} Re4+ {[%clk 00:04:14]}
{[%emt 00:00:02]} 54. Kf3 {[%clk 00:14:46]} {[%emt 00:00:31]} Rf4+ {[%clk
00:04:22]} {[%emt 00:00:03]} 55. Ke3 {[%clk 00:14:49]} {[%emt 00:00:07]} Nf5+
{[%clk 00:04:30]} {[%emt 00:00:02]} 56. Kd2 {[%clk 00:14:43]} {[%emt 00:00:16]}
e4 {[%clk 00:04:39]} {[%emt 00:00:01]} 57. g6 {[%clk 00:14:24]} {[%emt
00:00:29]} fxg6 {[%clk 00:04:29]} {[%emt 00:00:20]} 58. hxg6 {[%clk 00:14:25]}
{[%emt 00:00:09]} hxg6 {[%clk 00:04:33]} {[%emt 00:00:06]} 59. Kc1 {[%clk
00:14:20]} {[%emt 00:00:14]} Rf2 {[%clk 00:04:37]} {[%emt 00:00:06]} 60. Kb1
{[%clk 00:14:04]} {[%emt 00:00:26]} Nd4 {[%clk 00:04:32]} {[%emt 00:00:15]} 61.
Rc1+ {[%clk 00:13:57]} {[%emt 00:00:18]} Rc2 {[%clk 00:04:25]} {[%emt
00:00:17]} 62. Re1 {[%clk 00:13:25]} {[%emt 00:00:41]} Kc3 {[%clk 00:04:09]}
{[%emt 00:00:26]} 63. Rc1 {[%clk 00:12:32]} {[%emt 00:01:03]} Rxc1+ {[%clk
00:04:01]} {[%emt 00:00:19]} 64. Kxc1 {[%clk 00:12:37]} {[%emt 00:00:05]} d2+
{[%clk 00:04:05]} {[%emt 00:00:06]} 65. Kd1 {[%clk 00:12:33]} {[%emt 00:00:13]}
Nf5 {[%clk 00:04:11]} {[%emt 00:00:05]} 66. Ke2 {[%clk 00:12:38]} {[%emt
00:00:05]} Kc2 {[%clk 00:04:18]} {[%emt 00:00:03]} 67. Kf2 {[%clk 00:12:28]}
{[%emt 00:00:19]} d1=Q {[%clk 00:04:26]} {[%emt 00:00:02]} 68. Kg2 {[%clk
00:12:28]} {[%emt 00:00:09]} Qf3 {[%clk 00:04:35]} {[%emt 00:00:02]} 69. Kh2
{[%clk 00:12:25]} {[%emt 00:00:13]} Nh4 {[%clk 00:04:43]} {[%emt 00:00:02]} 0-1

[Event "English Schools Championship Final 2024"]
[Site "Nottingham University Kings Meadow Campus, United Kingdom"]
[Date "2024.06.27"]
[Round "3.26"]
[White "Hammond, Ben"]
[Black "Van Der Lande, Archie"]
[Result "1-0"]
[TimeControl "G50' + 10\" per move."]
[WhiteFideId "452696"]
[WhiteElo "1921"]
[BlackElo "1385"]

1. e4 {[%clk 00:50:15]} {[%emt 00:00:05]} c6 {[%clk 00:50:07]} {[%emt
00:00:04]} 2. d4 {[%clk 00:50:21]} {[%emt 00:00:13]} d5 {[%clk 00:50:10]}
{[%emt 00:00:04]} 3. exd5 {[%clk 00:50:25]} {[%emt 00:00:09]} cxd5 {[%clk
00:50:15]} {[%emt 00:00:06]} 4. Bd3 {[%clk 00:50:27]} {[%emt 00:00:08]} Nf6
{[%clk 00:50:17]} {[%emt 00:00:08]} 5. c3 {[%emt 00:00:30]} Bg4 {[%clk
00:50:05]} {[%emt 00:00:16]} 6. f3 {[%clk 00:50:08]} {[%emt 00:00:15]} Bh5
{[%clk 00:49:57]} {[%emt 00:00:18]} 7. Ne2 {[%clk 00:50:08]} {[%emt 00:00:10]}
Bg6 {[%clk 00:49:51]} {[%emt 00:00:16]} 8. Bf4 {[%clk 00:49:49]} {[%emt
00:00:30]} e6 {[%clk 00:49:18]} {[%emt 00:00:42]} 9. O-O {[%clk 00:41:05]}
{[%emt 00:08:54]} Bd6 {[%clk 00:48:49]} {[%emt 00:00:39]} 10. Re1 {[%clk
00:30:16]} {[%emt 00:10:59]} O-O {[%clk 00:47:40]} {[%emt 00:01:19]} 11. Bxg6
{[%clk 00:30:14]} {[%emt 00:00:13]} fxg6 {[%clk 00:47:37]} {[%emt 00:00:13]} 12.
Nd2 {[%clk 00:21:49]} {[%emt 00:08:36]} Qc7 {[%clk 00:47:17]} {[%emt 00:00:29]}
13. Bxd6 {[%clk 00:21:44]} {[%emt 00:00:15]} Qxd6 {[%clk 00:47:17]} {[%emt
00:00:10]} 14. Nb3 {[%clk 00:20:49]} {[%emt 00:01:05]} b6 {[%clk 00:46:48]}
{[%emt 00:00:39]} 15. Qd2 {[%clk 00:18:34]} {[%emt 00:02:24]} Nh5 {[%clk
00:44:34]} {[%emt 00:02:24]} 16. Nbc1 {[%clk 00:17:27]} {[%emt 00:01:17]} Nd7
{[%clk 00:44:08]} {[%emt 00:00:35]} 17. Nd3 {[%clk 00:17:30]} {[%emt 00:00:08]}
Rae8 {[%clk 00:41:54]} {[%emt 00:02:24]} 18. f4 {[%clk 00:13:21]} {[%emt
00:04:19]} Ndf6 {[%clk 00:41:00]} {[%emt 00:01:04]} 19. Ne5 {[%clk 00:12:46]}
{[%emt 00:00:46]} Ne4 {[%clk 00:40:33]} {[%emt 00:00:36]} 20. Qe3 {[%clk
00:12:45]} {[%emt 00:00:11]} Qe7 {[%clk 00:39:34]} {[%emt 00:01:08]} 21. Rf1
{[%clk 00:06:46]} {[%emt 00:06:09]} Qh4 {[%clk 00:37:14]} {[%emt 00:02:31]} 22.
Rf3 {[%clk 00:06:02]} {[%emt 00:00:54]} Rf5 {[%clk 00:36:21]} {[%emt 00:01:03]}
23. Raf1 {[%clk 00:03:33]} {[%emt 00:02:40]} Qf6 {[%clk 00:35:37]} {[%emt
00:00:54]} 24. g4 {[%clk 00:03:25]} {[%emt 00:00:18]} Rxf4 {[%clk 00:35:17]}
{[%emt 00:00:29]} 25. Nxf4 {[%clk 00:03:27]} {[%emt 00:00:08]} Nxf4 {[%clk
00:34:51]} {[%emt 00:00:37]} 26. Rxf4 {[%clk 00:03:29]} {[%emt 00:00:09]} Qh4
{[%clk 00:34:29]} {[%emt 00:00:31]} 27. Rxe4 {[%clk 00:03:21]} {[%emt
00:00:17]} dxe4 {[%clk 00:34:27]} {[%emt 00:00:12]} 28. Qxe4 {[%clk 00:03:27]}
{[%emt 00:00:05]} h5 {[%clk 00:34:26]} {[%emt 00:00:11]} 29. Qxg6 {[%clk
00:02:52]} {[%emt 00:00:45]} Re7 {[%clk 00:33:34]} {[%emt 00:01:02]} 30. Qxh5
{[%clk 00:02:51]} {[%emt 00:00:10]} Re8 {[%emt 00:00:56]} 1-0

[Event "English Schools Championship Final 2024"]
[Site "Nottingham University Kings Meadow Campus, United Kingdom"]
[Date "2024.06.27"]
[Round "3.27"]
[White "Ahmed, Bilal"]
[Black "Lam, Isaac"]
[Result "0-1"]
[TimeControl "G50' + 10\" per move."]
[WhiteFideId "474207"]
[BlackFideId "343413110"]
[WhiteElo "1736"]
[BlackElo "1563"]

1. e4 {[%clk 00:50:18]} {[%emt 00:00:03]} e5 {[%clk 00:50:17]} {[%emt
00:00:03]} 2. Nf3 {[%clk 00:50:25]} {[%emt 00:00:03]} Nc6 {[%clk 00:50:24]}
{[%emt 00:00:04]} 3. Bb5 {[%clk 00:50:33]} {[%emt 00:00:02]} a6 {[%clk
00:50:29]} {[%emt 00:00:05]} 4. Ba4 {[%clk 00:50:41]} {[%emt 00:00:02]} Nf6
{[%clk 00:50:36]} {[%emt 00:00:03]} 5. O-O {[%clk 00:50:44]} {[%emt 00:00:07]}
Be7 {[%clk 00:50:44]} {[%emt 00:00:02]} 6. Re1 {[%clk 00:50:34]} {[%emt
00:00:20]} b5 {[%clk 00:50:51]} {[%emt 00:00:04]} 7. Bb3 {[%clk 00:50:41]}
{[%emt 00:00:04]} O-O {[%clk 00:50:58]} {[%emt 00:00:03]} 8. d4 {[%clk
00:50:02]} {[%emt 00:00:48]} Nxd4 {[%clk 00:49:07]} {[%emt 00:02:01]} 9. Nxe5
{[%clk 00:48:47]} {[%emt 00:01:25]} Nxb3 {[%clk 00:49:10]} {[%emt 00:00:07]} 10.
axb3 {[%clk 00:48:27]} {[%emt 00:00:30]} d6 {[%clk 00:47:40]} {[%emt 00:01:40]}
11. Nc6 {[%clk 00:46:20]} {[%emt 00:02:16]} Qd7 {[%clk 00:47:28]} {[%emt
00:00:21]} 12. Nxe7+ {[%clk 00:46:12]} {[%emt 00:00:19]} Qxe7 {[%clk 00:47:36]}
{[%emt 00:00:03]} 13. Nc3 {[%clk 00:45:32]} {[%emt 00:00:49]} Bb7 {[%clk
00:47:32]} {[%emt 00:00:13]} 14. Nd5 {[%clk 00:44:05]} {[%emt 00:01:37]} Nxd5
{[%clk 00:46:38]} {[%emt 00:01:05]} 15. exd5 {[%clk 00:44:02]} {[%emt
00:00:13]} Qf6 {[%clk 00:46:07]} {[%emt 00:00:36]} 16. c4 {[%clk 00:42:45]}
{[%emt 00:01:30]} Rfe8 {[%clk 00:44:11]} {[%emt 00:02:06]} 17. Re2 {[%emt
00:05:05]} Re7 {[%clk 00:41:10]} {[%emt 00:00:07]} 18. Be3 {[%clk 00:39:16]}
{[%emt 00:01:48]} Rae8 {[%clk 00:38:57]} {[%emt 00:02:23]} 19. Qc2 {[%clk
00:37:51]} {[%emt 00:01:35]} Qg6 {[%clk 00:35:56]} {[%emt 00:03:11]} 20. Qd2
{[%clk 00:35:59]} {[%emt 00:02:03]} Bc8 {[%clk 00:34:25]} {[%emt 00:01:41]} 21.
Rae1 {[%clk 00:29:58]} {[%emt 00:06:10]} Bg4 {[%clk 00:33:25]} {[%emt
00:01:09]} 22. f3 {[%clk 00:27:33]} {[%emt 00:02:36]} Bxf3 {[%clk 00:33:27]}
{[%emt 00:00:07]} 23. Rf2 {[%clk 00:27:33]} {[%emt 00:00:11]} Bg4 {[%clk
00:32:09]} {[%emt 00:01:23]} 24. Rff1 {[%clk 00:25:55]} {[%emt 00:01:53]} h6
{[%clk 00:28:37]} {[%emt 00:03:42]} 25. Bd4 {[%clk 00:24:34]} {[%emt 00:01:31]}
Re2 {[%clk 00:26:36]} {[%emt 00:02:07]} 26. Qc3 {[%clk 00:23:07]} {[%emt
00:01:41]} R8e4 {[%clk 00:16:34]} {[%emt 00:10:12]} 27. Bf2 {[%clk 00:18:26]}
{[%emt 00:04:52]} Kh7 {[%clk 00:14:43]} {[%emt 00:02:01]} 28. Rxe2 {[%clk
00:16:31]} {[%emt 00:02:04]} Bxe2 {[%clk 00:14:00]} {[%emt 00:00:54]} 29. Re1
{[%clk 00:14:17]} {[%emt 00:02:24]} bxc4 {[%clk 00:13:57]} {[%emt 00:00:13]} 30.
bxc4 {[%clk 00:13:55]} {[%emt 00:00:31]} Bxc4 {[%clk 00:13:51]} {[%emt
00:00:17]} 31. Rd1 {[%clk 00:12:41]} {[%emt 00:01:24]} Qh5 {[%clk 00:12:01]}
{[%emt 00:01:55]} 32. Ra1 {[%clk 00:10:38]} {[%emt 00:02:19]} Qxd5 {[%clk
00:11:48]} {[%emt 00:00:23]} 33. h3 {[%clk 00:08:29]} {[%emt 00:02:18]} Re6
{[%clk 00:11:19]} {[%emt 00:00:37]} 34. Bg3 {[%clk 00:06:49]} {[%emt 00:01:52]}
Bb5 {[%clk 00:10:43]} {[%emt 00:00:47]} 35. Qxc7 {[%clk 00:05:31]} {[%emt
00:01:27]} Bc6 {[%clk 00:10:24]} {[%emt 00:00:29]} 36. Qb6 {[%clk 00:04:31]}
{[%emt 00:01:10]} Qxg2# {[%emt 00:00:06]} 0-1

[Event "English Schools Championship Final 2024"]
[Site "Nottingham University Kings Meadow Campus, United Kingdom"]
[Date "2024.06.27"]
[Round "3.28"]
[White "Linton, Anixton"]
[Black "Jeevananth, Thuvaragan"]
[Result "0-1"]
[TimeControl "G50' + 10\" per move."]
[WhiteFideId "343105250"]
[WhiteElo "1608"]
[BlackElo "1780"]

1. e4 {[%clk 00:50:18]} c5 {[%clk 00:50:15]} {[%emt 00:00:05]} 2. c3 {[%clk
00:50:26]} {[%emt 00:00:03]} d5 {[%clk 00:50:18]} {[%emt 00:00:06]} 3. exd5
{[%clk 00:50:31]} {[%emt 00:00:05]} Qxd5 {[%clk 00:50:17]} {[%emt 00:00:11]} 4.
Nf3 {[%clk 00:50:38]} {[%emt 00:00:04]} Nc6 {[%clk 00:49:56]} {[%emt 00:00:31]}
5. d4 {[%clk 00:50:36]} {[%emt 00:00:12]} e6 {[%clk 00:48:47]} {[%emt
00:01:19]} 6. Be2 {[%clk 00:50:28]} {[%emt 00:00:18]} Nf6 {[%clk 00:48:36]}
{[%emt 00:00:21]} 7. Be3 {[%clk 00:49:54]} {[%emt 00:00:44]} cxd4 {[%clk
00:47:24]} {[%emt 00:01:22]} 8. Nxd4 {[%clk 00:49:22]} {[%emt 00:00:42]} a6
{[%clk 00:45:38]} {[%emt 00:01:56]} 9. O-O {[%clk 00:49:00]} {[%emt 00:00:33]}
Ne5 {[%clk 00:45:10]} {[%emt 00:00:38]} 10. Nd2 {[%clk 00:47:41]} {[%emt
00:01:29]} Be7 {[%clk 00:44:40]} {[%emt 00:00:40]} 11. f4 {[%clk 00:46:45]}
{[%emt 00:01:07]} Ng6 {[%clk 00:43:44]} {[%emt 00:01:05]} 12. Bf3 {[%clk
00:45:35]} {[%emt 00:01:21]} Qd8 {[%clk 00:43:09]} {[%emt 00:00:45]} 13. Qb3
{[%clk 00:44:11]} {[%emt 00:01:33]} Qc7 {[%clk 00:41:26]} {[%emt 00:01:53]} 14.
Nc4 {[%clk 00:41:44]} {[%emt 00:02:38]} Bc5 {[%clk 00:39:16]} {[%emt 00:02:19]}
15. g3 {[%clk 00:38:58]} {[%emt 00:02:56]} O-O {[%clk 00:38:59]} {[%emt
00:00:27]} 16. Rad1 {[%clk 00:34:47]} {[%emt 00:04:22]} Rb8 {[%clk 00:38:32]}
{[%emt 00:00:37]} 17. f5 {[%clk 00:33:23]} {[%emt 00:01:34]} exf5 {[%clk
00:38:11]} {[%emt 00:00:30]} 18. Bg2 {[%clk 00:32:07]} {[%emt 00:01:25]} b5
{[%clk 00:35:24]} {[%emt 00:02:57]} 19. Na3 {[%clk 00:31:30]} {[%emt 00:00:47]}
Ng4 {[%clk 00:35:14]} {[%emt 00:00:20]} 20. Bc1 {[%clk 00:30:37]} {[%emt
00:01:04]} f4 {[%clk 00:32:24]} {[%emt 00:03:01]} 21. gxf4 {[%clk 00:28:34]}
{[%emt 00:02:13]} Nh4 {[%clk 00:30:43]} {[%emt 00:01:51]} 22. h3 {[%clk
00:22:04]} {[%emt 00:06:40]} Nxg2 {[%clk 00:30:10]} {[%emt 00:00:42]} 23. Kxg2
{[%clk 00:21:57]} {[%emt 00:00:17]} Bb7+ {[%clk 00:28:41]} {[%emt 00:01:38]} 24.
Kg3 {[%clk 00:20:11]} {[%emt 00:01:56]} Nf6 {[%clk 00:28:07]} {[%emt 00:00:44]}
25. Kh2 {[%clk 00:17:30]} {[%emt 00:02:52]} Rfe8 {[%clk 00:27:23]} {[%emt
00:00:54]} 26. Rd2 {[%clk 00:13:59]} {[%emt 00:03:41]} Re1 {[%clk 00:25:19]}
{[%emt 00:02:13]} 27. Rxe1 {[%clk 00:09:38]} {[%emt 00:04:31]} Qxf4+ {[%clk
00:25:20]} {[%emt 00:00:09]} 28. Kg1 {[%clk 00:09:45]} {[%emt 00:00:03]} Qg3+
{[%clk 00:21:42]} {[%emt 00:03:47]} 29. Kf1 {[%clk 00:09:46]} {[%emt 00:00:10]}
Bxd4 {[%clk 00:19:29]} {[%emt 00:02:22]} 30. cxd4 {[%clk 00:09:16]} {[%emt
00:00:40]} Bf3 {[%clk 00:17:51]} {[%emt 00:01:48]} 31. Qxf3 {[%clk 00:05:07]}
{[%emt 00:04:20]} Qxf3+ {[%clk 00:17:50]} {[%emt 00:00:11]} 32. Rf2 {[%clk
00:05:06]} {[%emt 00:00:10]} Qxh3+ {[%clk 00:17:50]} {[%emt 00:00:10]} 33. Kg1
{[%clk 00:05:08]} {[%emt 00:00:08]} Qg3+ {[%clk 00:17:22]} {[%emt 00:00:38]} 34.
Kf1 {[%clk 00:05:02]} {[%emt 00:00:16]} Ng4 {[%clk 00:17:15]} {[%emt 00:00:17]}
35. Ree2 {[%clk 00:04:42]} {[%emt 00:00:30]} Nxf2 {[%clk 00:17:01]} {[%emt
00:00:24]} 36. Rxf2 {[%clk 00:04:49]} {[%emt 00:00:03]} Qd3+ {[%clk 00:16:42]}
{[%emt 00:00:29]} 37. Kg2 {[%clk 00:04:47]} {[%emt 00:00:12]} Qxd4 {[%clk
00:16:40]} {[%emt 00:00:09]} 38. Bf4 {[%clk 00:04:32]} {[%emt 00:00:28]} Re8
{[%clk 00:16:34]} {[%emt 00:00:16]} 39. b3 {[%clk 00:04:28]} {[%emt 00:00:14]}
Qd5+ {[%clk 00:16:25]} {[%emt 00:00:19]} 40. Kg3 {[%clk 00:04:18]} {[%emt
00:00:20]} h5 {[%clk 00:16:02]} {[%emt 00:00:33]} 41. Nc2 {[%clk 00:04:22]}
{[%emt 00:00:06]} Qd3+ {[%clk 00:15:45]} {[%emt 00:00:27]} 42. Kg2 {[%clk
00:04:30]} {[%emt 00:00:03]} Re2 {[%clk 00:15:43]} {[%emt 00:00:12]} 0-1

[Event "English Schools Championship Final 2024"]
[Site "Nottingham University Kings Meadow Campus, United Kingdom"]
[Date "2024.06.27"]
[Round "3.29"]
[White "White-Bower, Conor"]
[Black "Subin, Samvrit"]
[Result "0-1"]
[TimeControl "G50' + 10\" per move."]
[BlackFideId "343113726"]
[WhiteElo "1587"]
[BlackElo "1808"]

1. d4 {[%clk 00:50:19]} Nf6 {[%clk 00:50:11]} {[%emt 00:00:10]} 2. c4 {[%clk
00:50:17]} {[%emt 00:00:12]} g6 {[%clk 00:50:15]} {[%emt 00:00:07]} 3. Bf4
{[%clk 00:50:17]} {[%emt 00:00:10]} Bg7 {[%clk 00:50:17]} {[%emt 00:00:08]} 4.
Nc3 {[%clk 00:50:15]} {[%emt 00:00:11]} O-O {[%clk 00:50:23]} {[%emt 00:00:04]}
5. Nf3 {[%clk 00:50:03]} {[%emt 00:00:22]} d6 {[%clk 00:50:19]} {[%emt
00:00:14]} 6. e3 {[%clk 00:49:52]} {[%emt 00:00:20]} Nbd7 {[%clk 00:49:25]}
{[%emt 00:01:05]} 7. Be2 {[%clk 00:49:10]} {[%emt 00:00:52]} Re8 {[%clk
00:48:02]} {[%emt 00:01:33]} 8. O-O {[%clk 00:48:53]} {[%emt 00:00:27]} e5
{[%clk 00:45:08]} {[%emt 00:03:04]} 9. dxe5 {[%clk 00:48:39]} {[%emt 00:00:24]}
dxe5 {[%clk 00:45:08]} {[%emt 00:00:10]} 10. Nxe5 {[%clk 00:48:30]} {[%emt
00:00:19]} Nxe5 {[%clk 00:44:55]} {[%emt 00:00:23]} 11. Qxd8 {[%clk 00:48:31]}
{[%emt 00:00:09]} Rxd8 {[%clk 00:44:57]} {[%emt 00:00:07]} 12. Bxe5 {[%clk
00:48:33]} {[%emt 00:00:09]} Rd2 {[%clk 00:44:55]} {[%emt 00:00:12]} 13. b3
{[%clk 00:48:01]} {[%emt 00:00:40]} Be6 {[%clk 00:44:09]} {[%emt 00:00:58]} 14.
Bf3 {[%clk 00:46:35]} {[%emt 00:01:35]} c6 {[%clk 00:43:43]} {[%emt 00:00:37]}
15. Rac1 {[%clk 00:45:53]} {[%emt 00:00:51]} Rad8 {[%clk 00:42:20]} {[%emt
00:01:35]} 16. Bxf6 {[%clk 00:45:52]} {[%emt 00:00:09]} Bxf6 {[%clk 00:42:02]}
{[%emt 00:00:29]} 17. Ne4 {[%clk 00:45:50]} {[%emt 00:00:12]} Bb2 {[%clk
00:41:51]} {[%emt 00:00:21]} 18. Nxd2 {[%clk 00:43:59]} {[%emt 00:02:01]} Bxc1
{[%clk 00:41:51]} {[%emt 00:00:11]} 19. Rxc1 {[%clk 00:43:58]} {[%emt
00:00:10]} Rxd2 {[%clk 00:41:59]} {[%emt 00:00:03]} 20. a4 {[%clk 00:43:00]}
{[%emt 00:01:08]} Rb2 {[%clk 00:41:49]} {[%emt 00:00:20]} 21. Bd1 {[%clk
00:41:29]} {[%emt 00:01:40]} Kg7 {[%clk 00:40:01]} {[%emt 00:01:59]} 22. h3
{[%emt 00:04:40]} Kf6 {[%emt 00:00:51]} 23. f3 {[%emt 00:01:53]} Ke5 {[%emt
00:00:29]} 24. Rc3 {[%clk 00:33:00]} {[%emt 00:00:47]} Bf5 {[%clk 00:31:33]}
{[%emt 00:08:38]} 25. Kh2 {[%clk 00:32:14]} {[%emt 00:00:55]} Rd2 {[%clk
00:30:59]} {[%emt 00:00:45]} 26. Rc1 {[%clk 00:31:45]} {[%emt 00:00:38]} Bd3
{[%clk 00:30:18]} {[%emt 00:00:52]} 27. Kg1 {[%clk 00:30:04]} {[%emt 00:01:50]}
f5 {[%clk 00:29:49]} {[%emt 00:00:40]} 28. g3 {[%clk 00:29:18]} {[%emt
00:00:55]} Kd6 {[%clk 00:23:44]} {[%emt 00:06:17]} 29. f4 {[%clk 00:27:43]}
{[%emt 00:01:44]} Be4 {[%clk 00:23:09]} {[%emt 00:00:45]} 30. g4 {[%clk
00:25:47]} {[%emt 00:02:05]} Rg2+ {[%clk 00:21:43]} {[%emt 00:01:37]} 31. Kf1
{[%clk 00:24:51]} {[%emt 00:01:05]} Rh2 {[%clk 00:21:24]} {[%emt 00:00:30]} 32.
gxf5 {[%clk 00:21:27]} {[%emt 00:03:33]} gxf5 {[%clk 00:21:19]} {[%emt
00:00:16]} 33. Kg1 {[%clk 00:17:12]} {[%emt 00:04:24]} Rxh3 {[%clk 00:21:15]}
{[%emt 00:00:14]} 34. Kf2 {[%clk 00:17:01]} {[%emt 00:00:21]} Rh1 {[%clk
00:20:28]} {[%emt 00:00:58]} 35. Ke2 {[%clk 00:16:04]} {[%emt 00:01:07]} h5
{[%clk 00:20:19]} {[%emt 00:00:19]} 36. Kf2 {[%clk 00:14:40]} {[%emt 00:01:33]}
h4 {[%clk 00:20:02]} {[%emt 00:00:27]} 37. b4 {[%clk 00:14:12]} {[%emt
00:00:38]} Rh2+ {[%clk 00:19:58]} {[%emt 00:00:14]} 38. Kg1 {[%clk 00:13:41]}
{[%emt 00:00:40]} Rg2+ {[%clk 00:19:58]} {[%emt 00:00:10]} 39. Kf1 {[%clk
00:13:07]} {[%emt 00:00:31]} h3 {[%clk 00:19:53]} {[%emt 00:00:28]} 40. c5+
{[%clk 00:13:10]} {[%emt 00:00:07]} Ke7 {[%clk 00:19:50]} {[%emt 00:00:13]} 0-1